Star trek, Deep Space Nine. Season 1. Disc 5 ... Read More
Available copies
- 1 of 1 copy available at LARL/NWRL Consortium.
- 1 of 1 copy available at Northwest Regional Library. (Show preferred library)
Current holds
0 current holds with 1 total copy.
Show Only Available Copies
| Location | Call Number / Copy Notes | Barcode | Shelving Location | Status | Due Date |
|---|---|---|---|---|---|
| Red Lake Falls Public Library | DVD STA (Text) | 35500003970561 | Main | Available | - |
Record details
- ISBN: 0792187997 (set)
- ISBN: 9780792187998 (set)
- Physical Description: 1 videodisc (ca. 151 min.) : sd., col. ; 4 3/4 in.
- Publisher: [Hollywood, Calif.] : Paramount Home Video, 2003.
Content descriptions
| General Note: | Originally produced for television broadcast in 1993. Special features: six new featurettes: Deep Space Nine--a bold new beginning: producers Rick Berman ... Read More |
| Formatted Contents Note: | (Episode 417, aired 05.23.1993) The Forsaken -- ... Read More |
| Participant or Performer Note: | Avery Brooks, Rene Auberjonois, Nana Visitor, ... Read More |
| Target Audience Note: | MPAA rating: Not rated. |
| System Details Note: | DVD, region 1, full screen presentation; Dolby ... Read More |
| Language Note: | Closed-captioned. |
Search for related items by subject
| Subject: | Interstellar travel > Drama. Human-alien encounters > Drama. Space stations > Drama. |
| Genre: | Video recordings for the hearing impaired. DVDs. |
| LDR | 02626ngm a2200493Ia 4500 | ||
|---|---|---|---|
| 001 | 76067 | ||
| 003 | LARL_NWRL_CONSORTIUM | ||
| 005 | 20070122142025.0 | ||
| 007 | vd cvaizq | ||
| 008 | 050722p20031993cau151 g vleng d | ||
| 020 | . | ‡a0792187997 (set) | |
| 020 | . | ‡a9780792187998 (set) | |
| 035 | . | ‡a(OCoLC)52964453 ‡z(OCoLC)61124444 | |
| 040 | . | ‡aDZM ‡cDZM ‡dNRG | |
| 245 | 0 | 0. | ‡aStar trek, Deep Space Nine. ‡nSeason 1. ‡nDisc 5 ‡h[DVD/videorecording] / ‡cParamount Pictures. |
| 246 | 3 | . | ‡aDeep Space Nine. ‡nSeason 1 |
| 246 | 3 | . | ‡aDS9 |
| 260 | . | ‡a[Hollywood, Calif.] : ‡bParamount Home Video, ‡c2003. | |
| 300 | . | ‡a1 videodisc (ca. 151 min.) : ‡bsd., col. ; ‡c4 3/4 in. | |
| 538 | . | ‡aDVD, region 1, full screen presentation; Dolby Digital. | |
| 546 | . | ‡aClosed-captioned. | |
| 500 | . | ‡aOriginally produced for television broadcast in 1993. | |
| 500 | . | ‡aSpecial features: six new featurettes: Deep Space Nine--a bold new beginning: producers Rick Berman and Michael Piller, and others discuss the creation of DS9; Crew dossier--Kira Nerys"; "Michael Westmore's aliens--season one": an in-depth look at the aliens from season 1; "Secret's of Quark's bar": a look at the props used in Quark's bar; "Deep Space Nine sketchbook": Star Trek illustrator Rick Sternbach shows how the space station developed from doodles to a finished design; "Alien artifacts--season one": propmaster Joe Longo explains some of the props used in season 1; original DS9 preview. | |
| 511 | 1 | . | ‡aAvery Brooks, Rene Auberjonois, Nana Visitor, Alexander Siddig, Colm Meaney, Armin Shimerman, Terry Farrell, Cirroc Lofton. |
| 521 | 8 | . | ‡aMPAA rating: Not rated. |
| 505 | 0 | 0. | ‡g(Episode 417, aired 05.23.1993) ‡gThe ‡tForsaken -- ‡g(Episode 418, aired 05.30.1993) ‡tDramatis personae -- ‡g(Episode 419, aired 06.13.1993) ‡tDuet -- ‡g(Episode 420, aired 06.20.1993) ‡tIn the hands of the prophets. |
| 650 | 0. | ‡aInterstellar travel ‡vDrama. | |
| 650 | 0. | ‡aHuman-alien encounters ‡vDrama. | |
| 650 | 0. | ‡aSpace stations ‡vDrama. | |
| 655 | 0. | ‡aVideo recordings for the hearing impaired. ‡0(LARL_NWRL_CONSORTIUM)175744 | |
| 655 | 0. | ‡aDVDs. | |
| 700 | 1 | . | ‡aBrooks, Avery. ‡0(LARL_NWRL_CONSORTIUM)140922 |
| 700 | 1 | . | ‡aAuberjonois, René, ‡d1940- ‡0(LARL_NWRL_CONSORTIUM)105112 |
| 700 | 1 | . | ‡aMeaney, Colm, ‡d1953- ‡4act ‡0(LARL_NWRL_CONSORTIUM)206501 |
| 700 | 1 | . | ‡aFarrell, Terry, ‡d1963- ‡0(LARL_NWRL_CONSORTIUM)212375 |
| 700 | 1 | . | ‡aLofton, Cirroc, ‡d1978- ‡0(LARL_NWRL_CONSORTIUM)212376 |
| 700 | 1 | . | ‡aShimerman, Armin. ‡0(LARL_NWRL_CONSORTIUM)143415 |
| 700 | 1 | . | ‡aSiddig, Alexander, ‡d1965- ‡0(LARL_NWRL_CONSORTIUM)205446 |
| 700 | 1 | . | ‡aVisitor, Nana. ‡0(LARL_NWRL_CONSORTIUM)125597 |
| 710 | 2 | . | ‡aParamount Pictures Corporation. ‡0(LARL_NWRL_CONSORTIUM)57097 |
| 710 | 2 | . | ‡aParamount Home Video (Firm) ‡0(LARL_NWRL_CONSORTIUM)95035 |
| 901 | . | ‡a76067 ‡bOCLC ‡c76067 ‡tbiblio | |

Add to basket
Permalink
Enable Highlighting